Āpalā māna, āpalā abhimāna. (Record no. 73726)

MARC details
000 -LEADER
fixed length control field 00703cam a22002291 4500
001 - CONTROL NUMBER
control field sa 67003238
003 - CONTROL NUMBER IDENTIFIER
control field DLC
005 - DATE AND TIME OF LATEST TRANSACTION
control field 20260227112337.0
008 - FIXED-LENGTH DATA ELEMENTS--GENERAL INFORMATION
fixed length control field 940401s1966 ii 000 0 marr
010 ## - LIBRARY OF CONGRESS CONTROL NUMBER
LC control number sa 67003238
035 ## - SYSTEM CONTROL NUMBER
System control number (OCoLC)30064637
040 ## - CATALOGING SOURCE
Original cataloging agency DLC
Transcribing agency NRU
Modifying agency DLC
042 ## - AUTHENTICATION CODE
Authentication code premarc
050 00 - LIBRARY OF CONGRESS CALL NUMBER
Classification number JQ283
Item number .T43 1966
100 1# - MAIN ENTRY--PERSONAL NAME
Personal name Thatte, Yadunath Dattatray,
Dates associated with a name 1922-
245 10 - TITLE STATEMENT
Title Āpalā māna, āpalā abhimāna.
Statement of responsibility, etc. [Lekhaka] Yadunātha Thatte.
250 ## - EDITION STATEMENT
Edition statement [Dvitīyāvr̥ttī.
260 ## - PUBLICATION, DISTRIBUTION, ETC.
Place of publication, distribution, etc. Puṇe,
Name of publisher, distributor, etc. Ṭhokaḷa Prakāśana;
Place of publication, distribution, etc. ekameva vikrete:
Name of publisher, distributor, etc. Śrī Lekhana Vācana Bhāṇḍāra,
Date of publication, distribution, etc. 1966]
300 ## - PHYSICAL DESCRIPTION
Extent 140 p.
Dimensions 19 cm.
500 ## - GENERAL NOTE
General note In Marathi.
650 #0 - SUBJECT ADDED ENTRY--TOPICAL TERM
Topical term or geographic name entry element Civics, East Indian.

No items available.

Powered by Koha